Las Cabezas de Miguel Ángel en el techo de la Capilla Sixtina /

Publicado: Barcelona : Orbis , 1940
Descripción Física: 21 pàgines, 10 pàgines no numerades : il·lustracions ; 26 cm
Idioma: Español

MARC

LEADER 00000nam a22000004a 4500
001 24863
005 20260324181125.0
008 911115s1940 spca 000 0 spa c
043 |a e-it--- 
080 |a FU-72-1 
245 0 4 |a Las Cabezas de Miguel Ángel en el techo de la Capilla Sixtina /  |c director: F. Pérez Dolz 
260 |a Barcelona :  |b Orbis,  |c 1940 
300 |a 21 pàgines, 10 pàgines no numerades :  |b il·lustracions ;   |c 26 cm 
490 |a Monografías de Arte 
600 0 |a Miquel Àngel,  |d 1475-1564  |2 lemac  |9 53587 
610 2 0 |a Capella Sixtina (Vaticà)  |2 lemac  |9 53588 
650 0 |a Pintors  |z Itàlia  |y S. XV  |9 53590 
650 0 |a Pintors  |z Itàlia  |y S. XVI  |9 53589 
700 |9 53591  |a Pérez-Dolz, F.   |q (Francesc),  |d 1887-1958  |e director 
830 0 |a Monografías de arte (Orbis) ;  |v 1 
908 |a BMON  |a UAB  |a UB  |a UPC  |a COAC  |a BC  |a DHUB  |a CLR 
942 |2 udc  |c ARXIU  |n 1 
952 |0 0  |1 0  |4 0  |6 FU721  |7 1  |9 62514  |a Arxiu  |b Arxiu  |d 2022-06-22  |l 0  |o FU-72-1  |p 24863  |r 2022-06-22 00:00:00  |w 2022-06-22  |y ARXIU 
999 |c 82118  |d 82118